000 00330nam a2200145Ia 4500
008 230312s9999||||xx |||||||||||||| ||und||
020 _a0-0729-6655-6
082 _a720.19
_bKAM-M
100 _aKamien; Roger
245 0 _aMusic
260 _bMcGraw Hill
_aLondon
_c2006
300 _a411
650 _aArchitecture
942 _cBK
999 _c11662
_d11662